| 000 | nam a22 7a 4500 | ||
|---|---|---|---|
| 999 |
_c128348 _d128348 |
||
| 008 | 181009b xxu||||| |||| 00| 0 eng d | ||
| 020 | _a9780854395118 | ||
| 050 |
_aBT736.4 _b.M386 |
||
| 100 |
_aMartini, Carlo-Maria _96591 |
||
| 245 |
_aThe dove at rest _bcontributions for a possible peace _cCarlo-Maria Martini |
||
| 260 |
_aUnited Kingdom _bSt. Pauls _c1995 |
||
| 300 |
_a126p. ; _c22cm. |
||
| 650 |
_aChristianity and peace _942837 |
||
| 942 |
_2lcc _cMONOGRAPH |
||